| 000 | 01391nam a2200253Ia 4500 | ||
|---|---|---|---|
| 999 |
_c51503 _d51503 |
||
| 001 | 18492 | ||
| 003 | GE_BSU | ||
| 005 | 20210802151326.0 | ||
| 008 | 181216s ||||ge |||||||||||||| || || | ||
| 020 | _aISBN 978-9941-414-95-4 | ||
| 040 | _cGE_BSU | ||
| 041 | _ageo | ||
| 080 | _a342.9(479.22)(072) შ-94 | ||
| 100 |
_aშულცე, შარლოტე _912363 |
||
| 245 |
_aზოგადი ადმინისტრაციული სამართალი : _bსახელმძღვ. მასწავლებელთათვის / _cშარლოტე შულცე, ნიკოლინე შმიც-იუსტენი, პაატა ტურავა ; თანაავტ. : თამარ ზოდელავა, ანა კაპანაძე. |
||
| 250 | _aმე-2 გადამუშავებული გამოცემა | ||
| 264 |
_aთბილისი : _bსიესტა, _c2012. |
||
| 300 |
_a96 გვ. : _bცხრ. ; _c29 სმ. |
||
| 653 | _aსამართალი | ||
| 653 | _aსაქართველოს ადმინისტრაციული სამართალი | ||
| 700 |
_a შმიც-იუსტენი, ნიკოლინე _eავტორი _912364 |
||
| 700 |
_aტურავა, პაატა _eავტორი _912365 |
||
| 942 |
_cBK _2udc |
||